Tilastot visalle Lentokenttäkoodeja #2

Klikkaa tästä pelataksesi tätä visaa!

Yleistilastot

  • Tätä visaa on pelattu 52 kertaa
  • Keskiarvotulos 15 / 32

Vastaustilastot

koodikaupunki% Oikein
ATLAtlanta
97%
MEXMexico City
84%
ISTIstanbul
78%
MELMelbourne
78%
PHXPhoenix
78%
TUNTunis
76%
BOSBoston
73%
LASLas Vegas
73%
GIBGibraltar
62%
BCNBarcelona
59%
FRAFrankfurt
59%
DXBDubai
57%
HAVHavanna
57%
PRGPraha
54%
ZRHZürich
54%
BOGBogotá
51%
WAWVarsova
49%
HNDTokio
43%
KULKuala Lumpur
35%
ANCAnchorage
32%
DFWDallas
32%
MXPMilano
27%
SANSan Diego
27%
SJOSan José
27%
DMEMoskova
24%
STLSt. Louis
24%
IADWashington, DC
22%
YULMontréal
19%
GRUSão Paulo
14%
MCOOrlando
5%
MSYNew Orleans
3%
PDXPortland
3%

Tulosjakauma

Persentiili vastausten määrän mukaan

Jokaisen tuloksen saaneiden osuus

Tuloshistoriasi

Et ole pelannut tätä visaa